Víte jak na daňovou kontrolu?

Základné otázky spojené s jednotlivými krokmi v rámci daňovej kontroly. Dôvody začatia daňovej kontroly, osoby zúčastnené na daňovej kontrole, priebeh a ukončenie daňovej kontroly.

Na minha lista:
Detalhes bibliográficos
Autor principal: Pečenková, Lucie
Formato: Capítulo de Livro
Idioma:tcheco
Assuntos:
Tags: Adicionar Tag
Sem tags, seja o primeiro a adicionar uma tag!

MARC

LEADER 00000naa a2200000 4500
001 0166387
005 20230925093627.6
041 0 |a cze 
044 |a CZ 
245 1 0 |a Víte jak na daňovou kontrolu?  |c Lucie Pečenková 
520 |a Základné otázky spojené s jednotlivými krokmi v rámci daňovej kontroly. Dôvody začatia daňovej kontroly, osoby zúčastnené na daňovej kontrole, priebeh a ukončenie daňovej kontroly. 
610 2 0 |a dane 
610 2 0 |a kontrola daňová 
610 2 0 |a doklady daňové 
610 2 0 |a účtovníctvo daňové 
610 2 0 |a sadzby daňové 
610 2 0 |a daňovníci 
610 2 0 |a správa daňová 
100 1 |a Pečenková, Lucie